|
|
|
|
| LEADER |
00700nam a2200181Ia 4500 |
| 020 |
|
|
|a 9788131500200
|
| 082 |
|
|
|a 577
|b ODU/FU
|
| 100 |
|
|
|a Odum ,Eugene P
|
| 245 |
|
|
|a Fundamentals of Ecology
|
| 260 |
|
|
|a New Delhi
|b Cengage Learning
|c 2005
|
| 300 |
|
|
|a 534
|
| 650 |
|
|
|a Ecology
|
| 650 |
|
|
|a Ecosystem
|
| 700 |
|
|
|a Barrett,Gary W
|
| 942 |
|
|
|2 ddc
|c BK
|
| 999 |
|
|
|c 12777
|d 12777
|
| 952 |
|
|
|0 0
|1 0
|2 ddc
|4 0
|6 577_000000000000000_ODUFU
|7 0
|9 14010
|a KAUCLV
|b KAUCLV
|c GENERAL
|d 2014-03-18
|l 5
|o 577 ODU/FU
|p 221962
|r 2017-10-17
|s 2017-10-09
|w 2014-03-18
|y BK
|
| 952 |
|
|
|0 0
|1 0
|2 ddc
|4 0
|6 577_000000000000000_ODUFU
|7 0
|9 141170
|a KAUCLV
|b KAUCLV
|c GENERAL
|d 2015-12-09
|g 625.00
|l 2
|o 577 ODU/FU
|p 224953
|r 2018-08-31
|s 2018-08-06
|w 2015-12-09
|y BK
|